LEADER 01687nam 2200577 450 001 9910451783903321 005 20210209200724.0 010 $a0-19-976236-8 010 $a1-280-60579-0 010 $a9786610605798 010 $a1-4294-6215-9 035 $a(CKB)1000000000471715 035 $a(SSID)ssj0000183958 035 $a(PQKBManifestationID)12039244 035 $a(PQKBTitleCode)TC0000183958 035 $a(PQKBWorkID)10199327 035 $a(PQKB)10576719 035 $a(MiAaPQ)EBC5763697 035 $a(MiAaPQ)EBC4963669 035 $a(Au-PeEL)EBL4963669 035 $a(CaONFJC)MIL60579 035 $a(OCoLC)1027156472 035 $a(EXLCZ)991000000000471715 100 $a20190611d1996 uy 0 101 0 $aeng 135 $aurcnu|||||||| 181 $ctxt 182 $cc 183 $acr 200 10$aIsaac Newton and the scientific revolution /$fGale E. Christianson 210 1$aNew York ;$aOxford :$cOxford University Press,$d[1996] 210 4$d©1996 215 $a1 online resource (155 pages) $cillustrations 225 1 $aOxford portraits in science 300 $aBibliographic Level Mode of Issuance: Monograph 311 $a0-19-509224-4 410 0$aOxford portraits in science. 606 $aPhysics$xHistory 606 $aScience$xHistory 608 $aElectronic books. 615 0$aPhysics$xHistory. 615 0$aScience$xHistory. 676 $a530/.092 700 $aChristianson$b Gale E.$0615514 801 0$bMiAaPQ 801 1$bMiAaPQ 801 2$bMiAaPQ 906 $aBOOK 912 $a9910451783903321 996 $aIsaac Newton and the scientific revolution$92448633 997 $aUNINA LEADER 00980nam a22002531i 4500 001 991003131609707536 005 20030901162356.0 008 030925s1945 sz |||||||||||||||||fre 035 $ab12384239-39ule_inst 035 $aARCHE-043176$9ExL 040 $aBiblioteca Interfacoltà$bita$cA.t.i. Arché s.c.r.l. Pandora Sicilia s.r.l. 082 04$a843 100 1 $aBabel, Antony$0129504 245 10$aA propos de la conversion de Sismondi /$cAntony Babel 260 $a[S.l. :$bs.n.,$c1945?] 300 $a40 p. ;$c25 cm 500 $aEstr. da: Studi su G. C. L. Sismondi 650 4$aSismondi, Jean Charles Leonard : Simonde de 907 $a.b12384239$b02-04-14$c08-10-03 912 $a991003131609707536 945 $aLE002 Misc. I G 3/1 (Fondo Ferretti)$g1$i2002000198860$lle002$o-$pE0.00$q-$rn$so $t0$u0$v0$w0$x0$y.i12791040$z08-10-03 996 $aA propos de la conversion de Sismondi$9169894 997 $aUNISALENTO 998 $ale002$b08-10-03$cm$da $e-$ffre$gsz $h0$i1